000 00590nam a22002051a 4500
003 NEGST
005 20110718132530.0
008 030712s1987 001 0 eng d
100 1 _aShell, Olive.
245 1 0 _aGuide pour l'alphabetisation en langues africaines /
_cby Olive Shall.
_h[Text]
260 _aYaunde
_bTous Droits Reserves
_c1987
300 _aIII, 253p.
490 0 _aCollection propelca No.34
500 _aIncludes bibliography.
590 _aAccession number: 24183
650 0 _aLiteracy.
650 0 _aOrthography.
700 1 _aWiesemann, Ursula.
999 _c37645
_d37645